TV Shows by Main Characters Quiz Stats

Quiz Updated Apr 25, 2012

Challenge
Share
Tweet
Embed
Score 0/80 Timer 16:00
1 Play Today
Characters Show % Correct
Homer Simpson, Ned Flanders, Barney GumbleThe Simpsons
88.6%
Monica Geller, Chandler Bing, Rachel GreenFriends
82.7%
Warren 'Potsie' Weber, Arthur 'Fonzie' Fonzarelli, Richie CunninghamHappy Days
74%
Miranda Hobbes, Carrie Bradshaw, Samantha JonesSex and the City
70.5%
Tony Almeida, Chloe O'Brian, Jack Bauer24
66.1%
Dwight Schrute, Michael Scott, Pam BeeslyThe Office
65.3%
Danny Tanner, Jesse Katsopolis, Joey GladstoneFull House
63.2%
Al Borland, Tim Taylor, WilsonHome Improvement
62.7%
Benjamin 'Hawkeye' Pierce, Walter 'Radar' O’Reilly, Margaret 'Hot Lips' HoulihanM*A*S*H
59.6%
Cory Matthews, Topanga Lawrence, Shawn HunterBoy Meets World
59.4%
Ted Mosby, Robin Scherbatsky, Barney StinsonHow I Met Your Mother
59.3%
Norm Peterson, Sam Malone, Diane ChambersCheers
57.8%
Elliot Reid, John 'J.D.' Dorian, Christopher TurkScrubs
56.5%
Rose Nylund, Dorothy Zbornak, Blanche DevereauxGolden Girls
52.6%
Dale Gribble, Luanne Platter, Hank HillKing of the Hill
49.8%
Claire Bennet, Hiro Nakamura, Peter PetrelliHeroes
46.9%
Rachel Berry, Will Schuester, Finn HudsonGlee
46.1%
Jack Tripper, Chrissy Snow, Janet WoodThree's Company
45.7%
Charlie Harper, Judith Melnick, BertaTwo and a Half Men
45.1%
William Riker, Jean-Luc Picard, Deanna TroiStar Trek: The Next Generation
43.1%
Peggy Olson, Don Draper, Pete CampbellMad Men
42.6%
Nick Stokes, Catherine Willows, Gil GrissomCSI: Crime Scene Investigation
42.5%
Bill Compton, Sookie Stackhouse, Tara ThorntonTrue Blood
42.3%
Jeff Greene, Larry David, Richard LewisCurb Your Enthusiasm
40.8%
Blair Waldorf, Serena van der Woodsen, Chuck BassGossip Girl
39.7%
Willow Rosenberg, Rupert Giles, Xander HarrisBuffy the Vampire Slayer
38.8%
Ted Baxter, Rhoda Morgenstern, Mary RichardsThe Mary Tyler Moore Show
37.2%
Hal, Reese, LoisMalcolm in the Middle
36.2%
Seeley Booth, Temperance Brennan, Angela MontenegroBones
31.9%
Susan Mayer, Lynette Scavo, Mike DelfinoDesperate Housewives
31.7%
Jennifer Melfi, Paulie Gualtieri, Christopher MoltisantiThe Sopranos
26.2%
Brooke Davis, Lucas Scott, Peyton SawyerOne Tree Hill
25.9%
Blake Carrington, Dex Dexter, Alexis ColbyDynasty
25.9%
Britta Perry, Jeff Winger, Abed NadirCommunity
23.8%
Wilhelmina Slater, Daniel Meade, Marc St. JamesUgly Betty
23.7%
Maddie Hayes, David Addison, Agnes DiPestoMoonlighting
21.5%
Denny Crane, Shirley Schmidt, Alan ShoreBoston Legal
20.1%
Jesse Pinkman, Hank Schrader, Walter WhiteBreaking Bad
19.6%
Chester Tate, Benson DuBois, Mary CampbellSoap
17.4%
Sam Axe, Fiona Glenanne, Michael WestenBurn Notice
16.6%
Characters Show % Correct
Stan Smith, Klaus Heissler, Avery BullockAmerican Dad
16.1%
River Tam, Jayne Cobb, Mal ReynoldsFirefly
15.7%
Tom Paris, Harry Kim, Kathryn JanewayStar Trek: Voyager
14.9%
Matt Saracen, Tim Riggins, Eric TaylorFriday Night Lights
14.7%
Bret McKenzie, Jemaine Clement, Murray HewittFlight of the Conchords
14.6%
Dick Loudon, Stephanie Vanderkellen, George UtleyNewhart
14.1%
Danny Messer, Mac Taylor, Stella BonaseraCSI: NY
14%
Amanda Woodward, Michael Mancini, Billy CampbellMelrose Place
13.9%
Peter Bishop, Olivia Dunham, Phillip BroylesFringe
13.7%
Davis, Jack Harper, Tru DaviesTru Calling
13.5%
Dave Nelson, Bill McNeal, Lisa MillerNewsRadio
13.3%
Maurice Minnifield, Joel Fleischman, Maggie O'ConnellNorthern Exposure
12%
Gary Ewing, Karen MacKenzie, Greg SumnerKnots Landing
12%
Naomi Clark, Dixon Wilson, Erin Silver90210
11.7%
Federico Diaz, Brenda Chenowith, Nate FisherSix Feet Under
11.7%
Tom Servo, Mike Nelson, Crow T. RobotMystery Science Theater 3000
11.6%
Jennifer Marlowe, Andy Travis, Johnny CaravellaWKRP In Cincinnati
11.4%
Henry Goldblume, Frank Furillo, Mick BelkerHill Street Blues
11%
Vic Mackey, Danielle Sofer, Shane VendrellThe Shield
10.4%
Wallace Fennel, Duncan Kane, Logan EchollsVeronica Mars
10.3%
Daniel Desario, Nick Andropolis, Lindsay WeirFreaks and Geeks
9.9%
Laurie Keller, Jules Cobb, Ellie TorresCougar Town
9.1%
Manny Santos, Jimmy Brooks, Emma NelsonDegrassi: The Next Generation
8.7%
Alma Garret, Seth Bullock, Al SwearengenDeadwood
8.6%
Rodney Ruxin, Pete Eckhart, Kevin McArthurThe League
8.3%
Harry Truman, Dale Cooper, Audrey HorneTwin Peaks
8%
Cyril Figgis, Pam, Lana KaneArcher
6.5%
Casey McCall, Natalie Hurley, Dan RydellSports Night
4.8%
Mike Burton, Carol Vessey, Shirley PifkoEd
4.4%
Jack Carter, Henry Deacon, Allison BlakeEureka
4.2%
Logan Cale, Max Guevara, Cynthia 'Original Cindy' McEachinDark Angel
3.8%
Michael Garibaldi, John Sheridan, Susan IvanovaBabylon 5
3.4%
Roman DeBeers, Henry Pollard, Ron DonaldParty Down
2.7%
Frank Black, Peter Watts, Emma HollisMillennium
2.7%
Jake Green, Emily Sullivan, Robert HawkinsJericho
2.4%
Beka Valentine, Tyr Anasazi, Dylan HuntAndromeda
2.3%
Adam Green, Paige Clark, Audrey PenneyEllen
1.9%
Eric Gotts, Jaye Tyler, Mahandra McGintyWonderfalls
1.8%
Jodene Sparks, Hazel 'Hank' Murphy, Derek 'Stormy' WatersSealab 2021
1.7%
Andy French, Jim Kuback, Posey TylerMission Hill
1.5%

You're not logged in!

Compare scores with friends on all Sporcle quizzes.
Join for Free
OR
Log In

You Might Also Like...

Show Comments

Extras

Top Quizzes Today


Score Distribution

Your Account Isn't Verified!

In order to create a playlist on Sporcle, you need to verify the email address you used during registration. Go to your Sporcle Settings to finish the process.

Report this User

Report this user for behavior that violates our Community Guidelines.

Details: